Europejskie państwa w ich ojczystym języku - Statystyki

Ogólne statystyki
  • Ten quiz został rozwiązany 6 651 razy
  • Średni wynik to 39 z 45
Statystyki odpowiedzi
Państwo Nazwa po polsku % Poprawnych
United Kingdom Wielka Brytania
100%
Danmark Dania
99%
España Hiszpania
99%
Ísland Islandia
99%
Deutschland Niemcy
99%
Italia Włochy
99%
België Belgia
97%
Nederland Holandia
97%
Česká republika Czechy
96%
France Francja
96%
Polska Polska
95%
Liechtenstein Liechtenstein
94%
Lietuva Litwa
94%
Andorra Andora
93%
Latvija Łotwa
93%
Malta Malta
93%
Moldova Mołdawia
93%
Monaco Monako
93%
Portugal Portugalia
93%
San Marino San Marino
93%
Schweiz Szwajcaria
93%
România Rumunia
92%
Slovensko Słowacja
92%
Slovenija Słowenia
92%
Österreich Austria
91%
Kosova Kosowo
91%
Norge Norwegia
90%
Città del Vaticano Watykan
86%
Eesti Estonia
85%
Lëtzebuerg Luksemburg
85%
Hrvatska Chorwacja
83%
Россия Rosja
83%
Северна Македонија Macedonia Północna
79%
Україна Ukraina
79%
Magyarország Węgry
79%
Ελλάδα Grecja
78%
Босна и Херцеговина Bośnia i Hercegowina
74%
България Bułgaria
74%
Sverige Szwecja
74%
Белару́сь Białoruś
70%
Suomi Finlandia
67%
Србија Serbia
66%
Éire Irlandia
61%
Црна Гора Czarnogóra
59%
Shqipëri Albania
52%
Nie znaleziono quizów pasujących do podanych kryteriów
Rozkład punktacji
Procent ludzi z każdym wynikiem
Percentyl według liczby udzielonych odpowiedzi
Twoja historia wyników
Nie rozwiązałeś tego quizu